Städte zu Bundesland - Statistiken

Allgemein
  • Dieses Quiz wurde 379 mal gespielt
  • Das Durchschnittsergebnis liegt bei 19 aus 30
Antwortstatistiken
Hint Antwort % Korrekt
Flensburg Schleswig-Holstein
87%
Potsdam Brandenburg
84%
Ingolstadt Bayern
82%
Schwerin Mecklenburg-Vorpommern
80%
Braunschweig Niedersachsen
79%
Kaiserslautern Rheinland-Pfalz
77%
Kassel Hessen
74%
Krefeld Nordrhein-Westfalen
74%
Zwickau Sachsen
73%
Lübeck Schleswig-Holstein
73%
Hagen Nordrhein-Westfalen
70%
Erlangen Bayern
69%
Salzgitter Niedersachsen
66%
Göttingen Niedersachsen
65%
Friedrichshafen Baden-Württemberg
64%
Jena Thüringen
64%
Greifswald Mecklenburg-Vorpommern
63%
Celle Niedersachsen
62%
Gera Thüringen
61%
Cottbus Brandenburg
60%
Kaufbeuren Bayern
53%
Marburg Hessen
53%
Plauen Sachsen
53%
Gotha Thüringen
52%
Ludwigsburg Baden-Württemberg
51%
Neunkirchen Saarland
51%
Homburg Saarland
49%
Dessau-Roßlau Sachsen-Anhalt
48%
Leonberg Baden-Württemberg
41%
Bad Kreuznach Rheinland-Pfalz
41%
Keine übereinstimmenden Quizze gefunden
Verteilung der Resultate
Anzahl Personen mit jedem Resultat
Perzentil nach korrekt beantworteten Fragen
Ihre Resultats-Entwicklung
Sie haben dieses Quiz noch nicht gespielt